|
|
|
|
| LEADER |
00000nam a2200000 a 4500 |
| 001 |
vtls001395451 |
| 003 |
SK-MaSNL |
| 005 |
20260301071551.0 |
| 008 |
240316s1999 xr a r cze |
| 020 |
|
|
|a 8024201410
|c b.c.
|
| 035 |
|
|
|a SNK000349805
|
| 035 |
|
|
|a urn:nbn:sk:snk-amyhg9
|
| 035 |
|
|
|a urn:nbn:sk:snk-am00clay
|
| 035 |
|
|
|a 8E5699E4-60AE-400C-8509-99F438D3C35B
|
| 040 |
|
|
|a SNK
|b slo
|c SNK
|e AACR2
|
| 041 |
0 |
|
|a cze
|
| 044 |
|
|
|a CZ
|
| 080 |
|
|
|a 72/76(100)(091)(084.12)
|2 1981
|
| 100 |
1 |
|
|a Pijoán, José,
|d 1881-1963
|4 aut
|9 40559
|
| 245 |
1 |
|
|a Dějiny umění
|n 6
|c José Pijoan ; [ze španělského vydání přeložil Jiří Pechar]
|
| 260 |
|
|
|a V Praze
|b Knižní klub
|b Balios
|c 1999
|e Martin
|f Meografia
|
| 300 |
|
|
|a 348 s.
|c 30 cm
|
| 500 |
|
|
|a Celkove 4. vyd.
|
| 650 |
0 |
7 |
|a umenie výtvarné
|x dejiny
|y stor. 16.
|x state a reprodukcie
|2 SNK
|9 389555
|
| 700 |
1 |
|
|a Pechar, Jiří,
|d 1929-2022
|4 trl
|9 223645
|
| 919 |
|
|
|a 80-242-0141-0
|
| 958 |
|
|
|a OND
|
| 999 |
|
|
|c 638245
|d 640175
|
| 952 |
|
|
|t P60, <03>, [BOOK], {603}
|a SNK
|b SNK
|y PREZ
|7 0
|p 17A0251007
|o snkSB 60319/6
|i snkKSP 9154/2000
|0 0
|1 0
|4 0
|d 2000-09-08
|f 1
|l 0
|r 2025-04-10 00:00:00
|w 2026-02-23
|